000 00692nam a22002657a 4500
001 8630
003 FISKH
005 20251009143040.0
008 251007b cb ||||| |||| 00| 0 eng d
020 _a0571107052
040 _aFISKH
_beng
_cFISKH
_dFISKH
050 _aPZ7
082 _a822
100 _aJellicoe, Ann
_eAuthor
245 _a3 Jelliplays /
_cAnn Jellicoe
260 _aLondon :
_bFaber ,
_c1975
300 _a90 pages :
_c20 cm
505 _aT
520 _aThe book contains three separate works by the playwright.
521 8 _a800
_bLexile estimate
521 8 _aT
_bRaz-Plus
650 _aChildren
_vYoung people
942 _2ddc
_cBK
_n0
999 _c8630
_d8630